Espiritualidad y estados de vida / (Record no. 189970)

MARC details
000 -LEADER
campo de control de longitud fija 00712nam a2200217 i 4500
001 - NÚMERO DE CONTROL
campo de control 189970
003 - IDENTIFICADOR DE NÚMERO DE CONTROL
campo de control ES-MaACL
005 - FECHA Y HORA DE LA ÚLTIMA TRANSACCIÓN
campo de control 20250808011948.0
008 - DATOS DE LONGITUD FIJA--INFORMACIÓN GENERAL
campo de control de longitud fija 200227s1968 sp |||| | spa d
100 1# - ENTRADA PRINCIPAL--NOMBRE DE PERSONA
Nombre de persona Marchetti, Albino.
9 (RLIN) 169780
245 10 - MENCIÓN DEL TÍTULO
Título Espiritualidad y estados de vida /
Mención de responsabilidad, etc. Albino Marchetti ; [traducción de Daniel de Pablo Maroto].
260 ## - PUBLICACIÓN, DISTRIBUCIÓN, ETC.
Lugar de publicación, distribución, etc. Madrid :
Nombre del editor, distribuidor, etc. Ed. de Espiritualidad,
Fecha de publicación, distribución, etc. [1968]
300 ## - DESCRIPCIÓN FÍSICA
Extensión 352 p. ;
Dimensiones 18 cm.
490 1# - MENCIÓN DE SERIE
Mención de serie Logos ;
Designación de volumen o secuencia 1
650 #4 - PUNTO DE ACCESO ADICIONAL DE MATERIA--TÉRMINO DE MATERIA
Término de materia o nombre geográfico como elemento de entrada Clero-
Subdivisión general Vida religiosa.
9 (RLIN) 16961
650 #7 - PUNTO DE ACCESO ADICIONAL DE MATERIA--TÉRMINO DE MATERIA
Término de materia o nombre geográfico como elemento de entrada Vida monástica y religiosa
Fuente del encabezamiento o término embne
9 (RLIN) 165073
700 1# - ENTRADA AGREGADA--NOMBRE PERSONAL
Nombre de persona Pablo Maroto, Daniel de.
9 (RLIN) 88092
830 0# - PUNTO DE ACCESO ADICIONAL DE SERIE-TÍTULO UNIFORME
Título uniforme Logos ;
Designación de volumen o secuencia 1
9 (RLIN) 183254
852 ## - LOCALIZACIÓN
Ubicación ES-MaACL
Número de control de estantería P-1403-1
Holdings
Estatus retirado Estado de pérdida Estado de daño No para préstamo Biblioteca de origen Biblioteca actual Ubicación en estantería Fecha de adquisición Fuente de adquisición Total de préstamos Signatura topográfica completa Código de barras Visto por última vez Precio de reemplazo Tipo de ítem Koha
        Biblioteca del Ateneo de Madrid Biblioteca del Ateneo de Madrid Depósito 2 17/05/2005     P-1403-1 1201614 23/02/2023 23/02/2023 Libro impreso